| 000 | 00000nam##2200000za#4500 |
| 001 | 9.576975 |
| 003 | CaOODSP |
| 005 | 20210624185407 |
| 007 | cr ||||||||||| |
| 008 | 150406|1990||||xxc|||||o f|0| 0 eng|d |
| 040 | |aCaOODSP|beng |
| 043 | |an-cn--- |
| 086 | 1 |aFs97-13/782E-PDF |
| 110 | 1 |aCanada. |bDepartment of Fisheries and Oceans. |
| 245 | 10|aDepartment of Fisheries and Oceans records of annual salmon harvest by British Columbia Indians prior to 1951 / |h[electronic resource]|cby A.W. Argue ... [et al.] |
| 260 | |aVancouver - British Columbia : |bFisheries and Oceans Canada |c1990. |
| 300 | |a104p.|bfigs., references, tables |
| 490 | 1 |aCanadian data report of fisheries and aquatic sciences|vNo. 782 |
| 500 | |aOn t.p.: Program Planning and Economics Branch, Vancouver, B.C. Catalogue number of the print edition appears in the PDF version. |
| 546 | |a(Résumé en français) |
| 590 | |a13-19-Supp|b2013-08-14 |
| 720 | 1 |aArgue, A. W. |
| 830 | #0|aCanadian data report of fisheries and aquatic sciences ;|vNo. 782|w(CaOODSP)9.505124 |
| 856 | 40|ahttp://publications.gc.ca|qPDF|s23,560 KB|uhttps://publications.gc.ca/collections/collection_2013/mpo-dfo/Fs97-13-782-eng.pdf|yNo. 782 |